Non-NATO European Countries - Statistics

General Stats
  • This quiz has been taken 123 times
  • The average score is 16 of 18
Answers on the Map
Answers color-coded by a green-red scale on the quiz's map according to % correct below.
 
Answer Stats
Country % Correct
Belarus
97%
Ukraine
96%
Vatican City
96%
Andorra
95%
San Marino
94%
Serbia
94%
Moldova
93%
Kosovo
92%
Switzerland
92%
Bosnia and Herzegovina
91%
Monaco
91%
Russia
91%
Ireland
90%
Liechtenstein
90%
Malta
87%
Sweden
87%
Austria
85%
Finland
81%
No matching quizzes found
Score Distribution
Percent of People with Each Score
Percentile by Number Answered
Your Score History
You have not taken this quiz